Philadelphia 76ers NBA Playoffs Leaders Per Year - Statistics

General Stats
  • This quiz has been taken 744 times
    17 since last reset
  • The average score is 16 of 59
Answer Stats
Player % Correct
Joel Embiid
100%
Tyrese Maxey
94%
Moses Malone
82%
Allen Iverson
76%
Ben Simmons
76%
James Harden
71%
Julius Erving
71%
Wilt Chamberlain
71%
Paul George
65%
Charles Barkley
59%
Andre Iguodala
53%
Dolph Schayes
53%
Tobias Harris
53%
Caldwell Jones
47%
Dikembe Mutombo
47%
Jimmy Butler
47%
Maurice Cheeks
41%
Jrue Holiday
35%
Kelly Oubre Jr.
35%
Adem Bona
29%
Hal Greer
29%
VJ Edgecombe
29%
Andre Miller
24%
Fred Carter
24%
J.J. Redick
24%
Theo Ratliff
24%
Aaron McKie
18%
Billy Cunningham
18%
Elton Brand
18%
Eric Snow
18%
Evan Turner
18%
Hersey Hawkins
18%
Samuel Dalembert
18%
Al Horford
12%
Darryl Dawkins
12%
Derrick Coleman
12%
George McGinnis
12%
Johnny Dawkins
12%
Manute Bol
12%
Matisse Thybulle
12%
Red Kerr
12%
Steve Mix
12%
Al Cervi
6%
Darrall Imhoff
6%
George King
6%
Larry Costello
6%
Lionel Hollins
6%
Mike Gminski
6%
Paul Seymour
6%
Tyrone Hill
6%
Bob Harrison
0%
Ed Conlin
0%
Harvey Catchings
0%
Henry Bibby
0%
Kenny Thomas
0%
Lee Shaffer
0%
Matt Geiger
0%
Red Rocha
0%
Roy Hinson
0%
No matching quizzes found
Score Distribution
Percent of People with Each Score
Percentile by Number Answered
Your Score History
You have not taken this quiz since the last reset